01373nam a2200241Ia 4500001001100000003001000011008004100021040002500062041001200087100002000099245004300119250001100162260005600173300002700229500026000256501011400516520026000630650002300890942000700913957000600920999004300926952016200969A870-35428IT-CnALBA170116s9999||||xx |||||||||||||| ||und|| aIT-CnALBAcIT-CnALBA aLATINO  aBOEZIO SEVERINO 0aCOMMENTARII IN CICERONIS M. T. OPERA.  a1a ed. a VENETIISbALDI FILIOS (APUD) c1551 [1° Ed.:1551] a824 p. (prefazione: 4) aCOMMENTI SU DIVERSE OPERE DI CICERONE DI VATI AUTORI. AI TRE LIBRI "DE ORATORE" DI STREBEO, DI VITTORE PISANO SUL LIBRO DEGLI ILLUSTRI ORATORI. SUI TOPICI DI SEVERINO BOEZIO. COMMENTO DI GIORGIO VALLA, DI GIOVANNI VISORIO. COMMENTI SU BRANI DI CICERONE. S aSocietà San Paolo EM - Piazza San Paolo, 14 - 12051 ALBA (CN) (non commercial uses only) ® Copyright 2017 aCOMMENTI SU DIVERSE OPERE DI CICERONE DI VATI AUTORI. AI TRE LIBRI "DE ORATORE" DI STREBEO, DI VITTORE PISANO SUL LIBRO DEGLI ILLUSTRI ORATORI. SUI TOPICI DI SEVERINO BOEZIO. COMMENTO DI GIORGIO VALLA, DI GIOVANNI VISORIO. COMMENTI SU BRANI DI CICERONE. S aLETTERATURA LATINA cBK 71 a40193bSI g Copie: 1 c294256d294256 0010406A_8703542871aALBAbALBAd2017-01-16l0oA870-35428r2017-01-16 00:00:00w2017-01-16yBKz(data import: 16 gennaio 2017) - By Epidotti, Vaglietti.